2022 FIFA World Cup Group D - Denmark - Tunisia - Statistics

General Stats
  • This quiz has been taken 56 times
  • The average score is 15 of 33
Answer Stats
Player % Correct
Christian Eriksen
84%
Andreas Christensen
82%
Rasmus Kristensen
82%
Kasper Schmeichel
80%
Simon Kjær
69%
Kasper Dolberg
67%
Joakim Mæhle
64%
Pierre-Emile Højbjerg
64%
Mikkel Damsgaard
58%
Joachim Andersen
51%
Aïssa Laïdouni
49%
Andreas Skov Olsen
47%
Thomas Delaney
47%
Ellyes Skhiri
44%
Naïm Sliti
44%
Ali Abdi
40%
Montassar Talbi
40%
Hannibal Mejbri
38%
Issam Jebali
38%
Kasper Hjulmand
38%
Mathias Jensen
38%
Mohamed Dräger
38%
Youssef Msakni
38%
Andreas Cornelius
36%
Aymen Dahmen
36%
Dylan Bronn
36%
Yassine Meriah
36%
Anis Ben Slimane
33%
Wajdi Kechrida
31%
Jalel Kadri
29%
Jesper Lindstrøm
29%
Ferjani Sassi
24%
Taha Yassine Khenissi
18%
No matching quizzes found
Score Distribution
Percent of People with Each Score
Percentile by Number Answered
Your Score History
You have not taken this quiz